Normal view
MARC view
- Dr. Geetha Sussan Philip (Guide)
Entry Personal Name
001 - CONTROL NUMBER
- control field: 3684
003 - CONTROL NUMBER IDENTIFIER
- control field: OSt
005 - DATE AND TIME OF LATEST TRANSACTION
- control field: 20181011140208.0
008 - FIXED-LENGTH DATA ELEMENTS
- fixed length control field: 181011|| aca||aabn | a|a d
040 ## - CATALOGING SOURCE
- Original cataloging agency: OSt
- Transcribing agency: OSt
100 ## - HEADING--PERSONAL NAME
- Personal name: Dr. Geetha Sussan Philip (Guide)
670 ## - SOURCE DATA FOUND
- Source citation: Work cat.: (OSt)14957: DHANMON FRANCIS YOUNUS A 3683, Modelling the performance of wind energy conservation system at potential wind farm sites in Kerala
